| 000 | 01027nam a22002290a 4500 | ||
|---|---|---|---|
| 001 | PT36171 | ||
| 003 | AR-LpoUNG | ||
| 005 | 20230307152412.0 | ||
| 007 | kk ||| | ||
| 040 |
_aAR-LpoUNG _bspa _cAR-LpoUNG _eaacr |
||
| 082 | 0 | _a982.065 687des | |
| 110 | 2 | _aCISPA | |
| 245 | 0 | 0 | _a[International year of the child] [afiche] |
| 300 | _a1 lám. : byn : 47 x 60 cm. | ||
| 500 | _aEl afiche pertenece a la colección de Derechos Humanos del Sr. Carlos Martinez Vidal. El item se encuentra enmarcado y en el mismo se puede leer: "International year of the child. - the abduction of small children by the Argentine armed forces thrusts the Argentine government to the lowest pit of inhuman barbarity." - "Año internacional del niño. - El secuestro de niños pequeños por las Fuerzas Armadas Argentinas empuja al Gobierno Argentino a la fosa mas profunda de la barbarie inhumana." | ||
| 650 | 4 | _aCHILE | |
| 650 | 4 | _aDERECHOS HUMANOS | |
| 650 | 4 | _aDICTADURA | |
| 650 | 4 | _aHISTORIA POLITICA | |
| 905 | _a36171 | ||
| 942 | _cAFICHE | ||
| 999 |
_c63864 _d63864 |
||